000 00872nam a22002417a 4500
001 3322
003 FISKH
005 20240227133302.0
008 240227b cb ||||| |||| 00| 0 eng d
040 _aFISK
_beng
_cFISK
_dFISK
050 _aPZ7.C6837
082 _a813.6
100 _aCollins Suzanne :
_d1962
245 _aGregor and the Code of Claw /
_cSuzanne Collins
260 _aNew York :
_bSuzanne Collins,
_c2007
300 _a412 pages :
_b20 cm :
490 _3The bestselling underland chronicles
_aBook 5
501 _aM
520 _aWhen twelve-year-old Gregor finally learns the ancient prophecy, which foretells his death, he must gather his courage to defend Regalia from the army of rats, take his mother and sister home safely, and fight his own dark side.
521 8 _a730
_bM
700 _aSuzanne Collins
942 _2ddc
_cBK
_n0
999 _c3322
_d3322